[Event "Wuerttemberg-chT Rapid"]
[Site "Boeblingen"]
[Date "2024.04.13"]
[Round "6.7"]
[White "Wunder, Niklas"]
[Black "Schnepp, Gunnar"]
[Result "1/2-1/2"]
[WhiteElo "2071"]
[BlackElo "2233"]
[PlyCount "47"]
[EventDate "2024.04.13"]
[EventType "team-tourn"]
[EventRounds "9"]
[EventCountry "GER"]
[SourceTitle "CB17_2024"]
[SourceDate "2024.04.24"]
[SourceVersion "1"]
[SourceVersionDate "2024.04.24"]
[SourceQuality "1"]

1. d4 Nf6 2. c4 e6 3. Nf3 d5 4. e3 c5 5. Nc3 Nc6 6. a3 dxc4 7. Bxc4 a6 8. 0-0 b5 9. Ba2 Bb7 10. Qe2 cxd4 11. Rd1 b4 12. Nxd4 Nxd4 13. Rxd4 Qb6 14. axb4 Bxb4 15. Bd2 Be7 16. Na4 Qc6 17. f3 0-0 18. Rc1 Qb5 19. Qe1 Rac8 20. Nc3 Qb6 21. Na4 Qb5 22. Nc3 Qb6 23. Na4 Qb5 24. Nc3 1/2-1/2

[Event "Biel HTO 56th"]
[Site "Biel"]
[Date "2023.07.26"]
[Round "9"]
[White "Schnepp, Gunnar"]
[Black "Haimovich, Tal"]
[Result "1-0"]
[WhiteElo "2278"]
[BlackElo "2374"]
[PlyCount "103"]
[EventDate "2023.07.17"]
[EventType "swiss"]
[EventRounds "10"]
[EventCountry "SUI"]
[SourceTitle "CBM 215 Extra"]
[Source "ChessBase"]
[SourceDate "2023.09.30"]
[SourceVersion "1"]
[SourceVersionDate "2023.09.30"]
[SourceQuality "1"]

1. e4 c5 2. Nf3 e6 3. d4 cxd4 4. Nxd4 Nc6 5. Nc3 d6 6. Be2 Nf6 7. 0-0 Be7 8. Be3 0-0 9. f4 e5 10. Nb3 exf4 11. Rxf4 Nd7 12. Rf1 Nde5 13. Nd5 Bg5 14. Qd2 Bxe3+ 15. Qxe3 Be6 16. Rad1 Re8 17. c4 b6 18. a3 Rc8 19. Qg3 Ng6 20. Ne3 Nce5 21. Nd4 Re7 22. Ndf5 Rd7 23. Rd2 Qc7 24. Rf4 Rcd8 25. h4 f6 26. h5 Nf8 27. h6 g6 28. Ng7 Rf7 29. b3 a5 30. Kh1 Qc5 31. a4 Qc7 32. Bg4 Nxg4 33. Nxg4 Bxg4 34. Qxg4 Qc5 35. Qg3 Rfd7 36. Rd5 Qa3 37. Nf5 Qb2 38. Nxd6 Ne6 39. Nf5 Rxd5 40. Ne7+ Kf7 41. Nxd5 Qe2 42. Rf2 Qh5+ 43. Kg1 Qxh6 44. Rf1 Kg7 45. Qc3 Qg5 46. Rxf6 Nd4 47. Qxd4 Rxd5 48. cxd5 Qxf6 49. Qxf6+ Kxf6 50. d6 h5 51. e5+ Ke6 52. g4 1-0

[Event "Bayern-chI Bank Hofmann 25th"]
[Site "Tegernsee"]
[Date "2022.11.12"]
[Round "8"]
[White "Hacker, Jonas"]
[Black "Schnepp, Gunnar"]
[Result "1/2-1/2"]
[WhiteElo "2462"]
[BlackElo "2236"]
[PlyCount "73"]
[EventDate "2022.11.05"]
[EventType "swiss"]
[EventRounds "9"]
[EventCountry "GER"]
[SourceTitle "CBM 211 Extra"]
[Source "ChessBase"]
[SourceDate "2023.01.31"]
[SourceVersion "1"]
[SourceVersionDate "2023.01.31"]
[SourceQuality "1"]

1. e4 c5 2. Nf3 e6 3. d4 cxd4 4. Nxd4 Nc6 5. Nc3 Qc7 6. Qd3 Nf6 7. Ndb5 Qb8 8. Qg3 d6 9. Be3 a6 10. Nd4 Bd7 11. Bd3 b5 12. 0-0 h5 13. Nxc6 Bxc6 14. a3 h4 15. Qf3 h3 16. g3 Qb7 17. Bg5 Be7 18. Rfe1 a5 19. Bxf6 gxf6 20. Ne2 f5 21. Nd4 fxe4 22. Bxe4 Bxe4 23. Rxe4 Rc8 24. Rae1 Qd5 25. Nf5 Rc4 26. Nxe7 Rxe4 27. Qxe4 Qxe4 28. Rxe4 Kxe7 29. c3 f5 30. Rf4 Kf6 31. Rd4 Ke7 32. Rf4 Kf6 33. Kf1 e5 34. Rf3 Ke6 35. Ke2 Rc8 36. Kd2 a4 37. Re3 1/2-1/2

[Event "AUT-ch"]
[Site "Vienna"]
[Date "2022.08.14"]
[Round "3"]
[White "Schnepp, Gunnar"]
[Black "Pilshofer, Paul"]
[Result "0-1"]
[WhiteElo "2276"]
[BlackElo "2173"]
[PlyCount "162"]
[EventDate "2022.08.12"]
[EventType "swiss"]
[EventRounds "9"]
[EventCountry "AUT"]
[SourceTitle "CBM 209 Extra"]
[Source "ChessBase"]
[SourceDate "2022.09.30"]
[SourceVersion "1"]
[SourceVersionDate "2022.09.30"]
[SourceQuality "1"]

1. Nf3 Nf6 2. c4 g6 3. Nc3 d5 4. cxd5 Nxd5 5. e4 Nxc3 6. bxc3 Bg7 7. Be2 c5 8. d4 0-0 9. 0-0 b6 10. Bg5 Qc7 11. Qd2 Ba6 12. Bxa6 Nxa6 13. Bh6 Rfd8 14. Bxg7 Kxg7 15. d5 c4 16. Qd4+ f6 17. Ng5 Nc5 18. Rab1 Rac8 19. f4 e5 20. fxe5 fxg5 21. d6 Qc6 22. e6+ Kg8 23. Qf6 Rf8 24. Qe7 Rce8 25. Rxf8+ Rxf8 26. d7 Nxe6 27. Kh1 Rf7 28. d8Q+ Nxd8 29. Qxd8+ Kg7 30. Qd4+ Kh6 31. h3 Rd7 32. Qe5 Qd6 33. Qb5 Qe6 34. Re1 Rd3 35. Qb4 Qf7 36. e5 Qf2 37. Rg1 Qf5 38. Re1 Qf2 39. Rg1 Qf5 40. Re1 g4 41. Qxc4 gxh3 42. Qh4+ Qh5 43. Qxh5+ Kxh5 44. e6 Rd8 45. gxh3 Re8 46. a4 Kg5 47. a5 Kf6 48. axb6 axb6 49. Rf1+ Kxe6 50. Rb1 Rb8 51. Rb5 Kd6 52. h4 Kc6 53. Re5 Rd8 54. h5 Rd5 55. Re6+ Rd6 56. Re7 h6 57. hxg6 Rxg6 58. Re5 Rg3 59. Rh5 Rxc3 60. Kg2 Re3 61. Rxh6+ Kb5 62. Kf2 Re5 63. Rh1 Kc6 64. Rc1+ Kb7 65. Rc3 b5 66. Re3 Rd5 67. Ke2 Kc6 68. Rd3 Rc5 69. Rd4 Kb6 70. Kd2 Ka5 71. Rd8 Ka4 72. Ra8+ Kb3 73. Ra5 Rc2+ 74. Kd1 b4 75. Rb5 Rc8 76. Rb7 Ka3 77. Ra7+ Kb2 78. Rd7 b3 79. Rb7 Rd8+ 80. Ke2 Kc2 81. Rc7+ Kb1 0-1

[Event "Biel HTO 55th"]
[Site "Biel"]
[Date "2022.07.22"]
[Round "9"]
[White "Gaehwiler, Gabriel"]
[Black "Schnepp, Gunnar"]
[Result "1/2-1/2"]
[WhiteElo "2420"]
[BlackElo "2265"]
[PlyCount "91"]
[EventDate "2022.07.13"]
[EventType "swiss"]
[EventRounds "9"]
[EventCountry "SUI"]
[SourceTitle "CBM 209 Extra"]
[Source "ChessBase"]
[SourceDate "2022.09.30"]
[SourceVersion "1"]
[SourceVersionDate "2022.09.30"]
[SourceQuality "1"]

1. e4 c5 2. Nf3 d6 3. d4 cxd4 4. Nxd4 Nf6 5. Nc3 a6 6. g3 e5 7. Nde2 Be6 8. Bg2 Nbd7 9. a4 Be7 10. b3 0-0 11. 0-0 Qc7 12. h3 Rac8 13. Be3 b5 14. axb5 axb5 15. Ra2 b4 16. Nd5 Nxd5 17. exd5 Bf5 18. Qd2 Qb7 19. f4 Nc5 20. fxe5 Be4 21. Bxc5 Bxg2 22. Ra7 Qxd5 23. Qxd5 Bxd5 24. exd6 Bd8 25. Bd4 Rxc2 26. Nf4 Bxb3 27. Rb1 Rc4 28. Rxb3 Rxd4 29. Rb7 Rxd6 30. R3xb4 Rd2 31. Rb2 Rxb2 32. Rxb2 Bc7 33. Rb4 Rb8 34. Rxb8+ Bxb8 35. Ne2 h5 36. g4 Be5 37. Kg2 Kh7 38. Ng1 h4 39. Kf3 Kg6 40. Ke4 f6 41. Nf3 Bg3 42. Nd4 Kf7 43. Nf5 Be1 44. Kd5 Bg3 45. Ke4 Be1 46. Kd5 1/2-1/2

[Event "Biel HTO 55th"]
[Site "Biel"]
[Date "2022.07.18"]
[Round "5"]
[White "Marentini, Marcel"]
[Black "Schnepp, Gunnar"]
[Result "1/2-1/2"]
[WhiteElo "2053"]
[BlackElo "2265"]
[PlyCount "50"]
[EventDate "2022.07.13"]
[EventType "swiss"]
[EventRounds "9"]
[EventCountry "SUI"]
[SourceTitle "CBM 209 Extra"]
[Source "ChessBase"]
[SourceDate "2022.09.30"]
[SourceVersion "1"]
[SourceVersionDate "2022.09.30"]
[SourceQuality "1"]

1. Nf3 Nf6 2. c4 e6 3. g3 d5 4. Bg2 dxc4 5. Na3 Bxa3 6. bxa3 0-0 7. Qc2 Nbd7 8. Bb2 Rb8 9. Qxc4 b5 10. Qc2 Bb7 11. 0-0 c5 12. Rfe1 Qa5 13. Rac1 Rbc8 14. d3 h6 15. Qb1 Nd5 16. e4 N5b6 17. Bc3 Qxa3 18. Qxb5 Ba6 19. Qb1 Na4 20. Qa1 Nxc3 21. Rxc3 Qa4 22. Rec1 c4 23. dxc4 Rxc4 24. Rxc4 Bxc4 25. a3 Nb6 1/2-1/2

[Event "Schwarzach op 34th"]
[Site "Schwarzach"]
[Date "2019.07.18"]
[Round "6"]
[White "Schnepp, Gunnar"]
[Black "Zelcic, Robert"]
[Result "0-1"]
[WhiteElo "2292"]
[BlackElo "2518"]
[PlyCount "86"]
[EventDate "2019.07.13"]
[EventType "swiss"]
[EventRounds "9"]
[EventCountry "AUT"]
[SourceTitle "EXT 2020"]
[Source "ChessBase"]
[SourceDate "2019.10.17"]
[SourceVersion "1"]
[SourceVersionDate "2019.10.17"]
[SourceQuality "1"]

1. Nf3 d5 2. c4 e6 3. g3 Nf6 4. Bg2 dxc4 5. Qa4+ Nbd7 6. Qxc4 c5 7. 0-0 Rb8 8. a4 b6 9. Nc3 Bb7 10. a5 Be7 11. axb6 axb6 12. d4 b5 13. Nxb5 Bd5 14. Qa4 0-0 15. Bd2 Nb6 16. Qd1 Nc4 17. Na7 Ne4 18. b3 Ncxd2 19. Nxd2 Nc3 20. Qe1 Bxg2 21. Kxg2 cxd4 22. e3 Qd5+ 23. Nf3 Rxb3 24. exd4 Nb5 25. Qd1 Nxd4 26. Qxd4 Qxf3+ 27. Kg1 Bf6 28. Qc5 Bxa1 29. Rxa1 Rfb8 30. Rc1 h6 31. Nc6 R3b5 32. Nxb8 Rxc5 33. Rxc5 Qd1+ 34. Kg2 Qd6 35. Rc8+ Kh7 36. h4 h5 37. Kh2 e5 38. Re8 f6 39. Kg2 Qd5+ 40. Kh2 Qb5 41. Rc8 Qb7 42. Re8 Kg6 43. Rf8 Kf5 0-1

[Event "Vellmar op 11th"]
[Site "Vellmar"]
[Date "2019.07.04"]
[Round "1"]
[White "Fuss, Jean Pierre"]
[Black "Schnepp, Gunnar"]
[Result "0-1"]
[WhiteElo "1957"]
[BlackElo "2292"]
[PlyCount "40"]
[EventDate "2019.07.04"]
[EventType "swiss"]
[EventRounds "7"]
[EventCountry "GER"]
[SourceTitle "CBM 191 Extra"]
[Source "ChessBase"]
[SourceDate "2019.09.30"]
[SourceVersion "1"]
[SourceVersionDate "2019.09.30"]
[SourceQuality "1"]

1. d4 Nf6 2. c4 c5 3. d5 b5 4. cxb5 a6 5. bxa6 g6 6. Nc3 Bxa6 7. e4 Bxf1 8. Kxf1 d6 9. g3 Bg7 10. Kg2 0-0 11. Nf3 Nbd7 12. h3 Ra6 13. Qe2 Qa8 14. Bf4 Rb8 15. Rhc1 Rab6 16. Rc2 Ne8 17. e5 dxe5 18. Nxe5 Re6 19. Nxd7 Rxe2 20. Rxe2 Rxb2 0-1

[Event "Bayern-chI Bank Hofmann 22nd"]
[Site "Tegernsee"]
[Date "2018.11.03"]
[Round "8"]
[White "Schnepp, Gunnar"]
[Black "Gopal, Geetha Narayanan"]
[Result "0-1"]
[WhiteElo "2320"]
[BlackElo "2578"]
[PlyCount "92"]
[EventDate "2018.10.27"]
[EventType "swiss"]
[EventRounds "9"]
[EventCountry "GER"]
[SourceTitle "CBM 187 Extra"]
[Source "ChessBase"]
[SourceDate "2018.11.04"]
[SourceVersion "1"]
[SourceVersionDate "2018.11.04"]
[SourceQuality "1"]

1. d4 Nf6 2. c4 g6 3. Nc3 d5 4. cxd5 Nxd5 5. e4 Nxc3 6. bxc3 Bg7 7. Nf3 c5 8. Rb1 0-0 9. Be2 b6 10. 0-0 Bb7 11. Qd3 Qd6 12. d5 e6 13. c4 Nd7 14. Bb2 Bxb2 15. Rxb2 Rae8 16. Qa3 exd5 17. exd5 Qb8 18. Qc3 Re7 19. Bd1 Qd6 20. Re1 Rfe8 21. Rbe2 Ba6 22. Rxe7 Rxe7 23. Rxe7 Qxe7 24. Ba4 Nf6 25. Qe5 Qxe5 26. Nxe5 Ne4 27. Bb5 Bxb5 28. cxb5 Kf8 29. Nc6 c4 30. Kf1 c3 31. Nb4 Ke7 32. f3 Nf6 33. Ke2 Kd6 34. Kd3 Kc5 35. Nc6 Nxd5 36. Nxa7 Kb4 37. Nc8 Nf4+ 38. Kc2 Nxg2 39. a3+ Kxb5 40. Kxc3 Kc5 41. Kd3 b5 42. Ke4 Ne1 43. f4 f5+ 44. Ke5 Nd3+ 45. Kf6 Nxf4 46. Kg7 Nd5 0-1

[Event "Bayern-chI Bank Hofmann 22nd"]
[Site "Tegernsee"]
[Date "2018.10.31"]
[Round "5"]
[White "Firouzja, Alireza"]
[Black "Schnepp, Gunnar"]
[Result "1-0"]
[WhiteElo "2600"]
[BlackElo "2320"]
[PlyCount "67"]
[EventDate "2018.10.27"]
[EventType "swiss"]
[EventRounds "9"]
[EventCountry "GER"]
[SourceTitle "CBM 187 Extra"]
[Source "ChessBase"]
[SourceDate "2018.11.04"]
[SourceVersion "1"]
[SourceVersionDate "2018.11.04"]
[SourceQuality "1"]

1. d4 Nf6 2. c4 c5 3. d5 b5 4. cxb5 a6 5. e3 g6 6. Nc3 Bg7 7. a4 0-0 8. Nf3 Bb7 9. Ra3 axb5 10. Bxb5 Na6 11. 0-0 Nb4 12. e4 e6 13. Bg5 h6 14. Be3 Rc8 15. dxe6 fxe6 16. Ne5 d5 17. exd5 Nfxd5 18. Nxd5 Nxd5 19. Nxg6 Rf5 20. Bc1 c4 21. Rg3 Qf6 22. Qe2 c3 23. Bd7 Kf7 24. Bxc8 Bxc8 25. bxc3 Nxc3 26. Qc4 Qd4 27. Qc7+ Bd7 28. Rxc3 Kxg6 29. Rg3+ Kh7 30. Bb2 Qxb2 31. Qxd7 Qe5 32. a5 Qd4 33. Qxe6 Rf6 34. Qg4 1-0

[Event "Karlsruhe Grenke op"]
[Site "Karlsruhe"]
[Date "2018.03.31"]
[Round "4"]
[White "Schnepp, Gunnar"]
[Black "Ider, Borya"]
[Result "0-1"]
[WhiteElo "2332"]
[BlackElo "2505"]
[PlyCount "94"]
[EventDate "2018.03.29"]
[EventType "swiss"]
[EventRounds "9"]
[EventCountry "GER"]
[SourceTitle "CBM 183 Extra"]
[Source "ChessBase"]
[SourceDate "2018.04.19"]
[SourceVersion "1"]
[SourceVersionDate "2018.04.19"]
[SourceQuality "1"]

1. c4 e6 2. Nf3 d5 3. g3 dxc4 4. Bg2 c6 5. a4 Nf6 6. 0-0 Qd5 7. Nc3 Qa5 8. e4 Nbd7 9. Qe2 Qa6 10. b3 cxb3 11. Qxa6 bxa6 12. Rb1 a5 13. Nd4 Ba6 14. Re1 Ne5 15. Nxb3 Bb4 16. Na2 Nd3 17. Rd1 c5 18. Bb2 0-0 19. Bxf6 gxf6 20. e5 fxe5 21. Bxa8 Rxa8 22. Nxb4 axb4 23. Nc1 e4 24. Kg2 Ne5 25. d4 exd3 26. f4 Nc4 27. Rxd3 Na3 28. Rxa3 bxa3 29. Ra1 Rd8 30. Rxa3 Rd2+ 31. Kf3 Rxh2 32. Rc3 c4 33. Ne2 Bb7+ 34. Ke3 Bd5 35. Rc1 Rg2 36. a5 Kf8 37. a6 Ke7 38. f5 Kd6 39. fxe6 fxe6 40. Rb1 h5 41. Rb8 Kc7 42. Rh8 Kb6 43. Rxh5 Kxa6 44. Rg5 Kb6 45. Nf4 Rg1 46. Nxd5+ exd5 47. Rxd5 c3 0-1

[Event "Heusenstamm Sparkassen op-A 4th"]
[Site "Heusenstamm"]
[Date "2017.11.23"]
[Round "1"]
[White "Berberich, Christoph"]
[Black "Schnepp, Gunnar"]
[Result "0-1"]
[WhiteElo "1958"]
[BlackElo "2349"]
[PlyCount "64"]
[EventDate "2017.11.23"]
[EventType "swiss"]
[EventRounds "7"]
[EventCountry "GER"]
[SourceTitle "EXT 2019"]
[Source "ChessBase"]
[SourceDate "2018.10.10"]
[SourceVersion "1"]
[SourceVersionDate "2018.10.10"]
[SourceQuality "1"]

1. d4 Nf6 2. Nf3 g6 3. c4 c5 4. e3 Bg7 5. Be2 0-0 6. 0-0 cxd4 7. exd4 d5 8. Re1 dxc4 9. Bxc4 Nc6 10. Nc3 Bg4 11. d5 Na5 12. Be2 Rc8 13. h3 Bf5 14. Bf1 a6 15. Nd4 Bd7 16. Nb3 Nc4 17. Bxc4 Rxc4 18. Qe2 Qc7 19. d6 exd6 20. Bg5 Be6 21. Rad1 h6 22. Be3 Rd8 23. Nd4 Bc8 24. Qd2 Kh7 25. Bf4 b5 26. Nde2 b4 27. Nd5 Nxd5 28. Qxd5 Be6 29. Qd3 Bxb2 30. Bxd6 Qc6 31. Qg3 Re4 32. Bxb4 Rxd1 0-1

[Event "Bayern-chI Bank Hofmann 21st"]
[Site "Tegernsee"]
[Date "2017.11.03"]
[Round "7"]
[White "Schnepp, Gunnar"]
[Black "Buechmann, Ole"]
[Result "1/2-1/2"]
[WhiteElo "2349"]
[BlackElo "2143"]
[PlyCount "77"]
[EventDate "2017.10.28"]
[EventType "swiss"]
[EventRounds "9"]
[EventCountry "GER"]
[SourceTitle "CBM 181 Extra"]
[Source "ChessBase"]
[SourceDate "2017.12.12"]
[SourceVersion "1"]
[SourceVersionDate "2017.12.12"]
[SourceQuality "1"]

1. d4 d5 2. c4 e6 3. Nf3 Nf6 4. g3 Bb4+ 5. Bd2 Bd6 6. Bg2 0-0 7. 0-0 c6 8. Nc3 dxc4 9. e4 Be7 10. a4 c5 11. dxc5 Na6 12. e5 Nd5 13. Ne4 Nxc5 14. Nxc5 Bxc5 15. Qe2 b6 16. Qxc4 Bb7 17. b4 Be7 18. Qg4 Kh8 19. b5 Rc8 20. Rfc1 Qd7 21. h4 Rxc1+ 22. Rxc1 Rc8 23. Rc4 Rxc4 24. Qxc4 h6 25. Nd4 Bc5 26. Nb3 Ba3 27. Nd4 Bc5 28. Nb3 Ba3 29. Bc1 Bxc1 30. Nxc1 Ne7 31. Bxb7 Qxb7 32. Nb3 Qd5 33. Qxd5 Nxd5 34. Nd4 Nc3 35. Nc6 Nxa4 36. Nxa7 Nc3 37. f4 h5 38. Kf2 Kh7 39. Kf3 1/2-1/2